000 00667nam a22002177a 4500
003 BUBTL
008 220421b ||||| |||| 00| 0 eng d
020 _a9789849433392
082 _a348.04/ Az11a/ 2021
100 _94552
_aAzad, Md. Ayaz
245 _aAyaz's Case Law:
_b(A Compilation of Leading Cases) /
_cMd. Ayaz Azad
250 _a1st Edn.
260 _aDhaka:
_bOriental Law Publishing,
_cc2021
300 _axxviii, 802 p.:
_c24 cm.
440 _94553
_aAyaz's Law Book Series
505 _aAyaz's Case Law, Md. Ayaz Azad, Law
650 0 _926
_aLaw
856 _k0
_l0
_yDownload
942 _2ddc
_cBK
999 _c6689
_d6689